NHL Quiz - Statistics

General Stats
  • This quiz has been taken 28 times
  • The average score is 20 of 25
Answer Stats
Hint Answer % Correct
How many NHL Teams don't have mascots? 2
100%
How many NHL Teams are there? 32
96%
How many NHL Teams don't have a captain? 6
92%
What team does Jack play for? New Jersey Devils
92%
What team does Luke play for? New Jersey Devils
92%
How old is Jack? 23
88%
Who is the Oilers captain? Connor McDavid
88%
Who was the first draft pick in 2019? Jack Hughes
88%
Who was the seventh draft pick in 2018? Quinn Hughes
88%
who is the Canucks captain? Quinn Hughes
88%
How old is Luke? 20
84%
How old is Quinn? 24
84%
Who is the Capitals captain? Alex Ovechkin
84%
who is the Maple Leafs captain? Auston Matthews
84%
Who was the fourth draft pick in2021? Luke Hughes
84%
What NHL team has the most Stanley Cups? Montreal Canadiens
84%
What is Jack Hughes brothers names? Quinn and Luke
84%
Who is the penguins captain? Sidney Crosby
84%
What team does Quinn play for? Vancouver Canucks
84%
Who is the Kings captain? Anze Kopitar
80%
who is the Canadiens Captain? Nick Suzuki
72%
who is the Avalanche captain? Gabriel Landeskog
68%
Who is the Devils captain? Nico Hischier
64%
What University did Quinn and Luke go to? University of Michigan
28%
What team did Jack, Quinn, Luke, Trevor, Alex, Cole, Matt, Matty, Brady and Josh play for before the NHL? USNTDP U-18
4%
No matching quizzes found
Score Distribution
Percent of People with Each Score
Percentile by Number Answered
Your Score History
You have not taken this quiz